عرض عادي
عرض مارك
- تاريخ حديث.
مدخل مصطلح موضوعي
001 - رقم الضبط
- حقل الضبط: 92792
003 - معرف رقم الضبط
- حقل الضبط: OSt
005 - تاريخ ووقت أخر عملية
- حقل الضبط: 20220629095842.0
008 - عناصر بيانات ثابتة الطول
- حقل تحكم ثابت الطول: 220629|| aca||aabn | a|a d
040 ## - مصدر الفهرسة
- هيئة الفهرسة الأصلية: OSt
- وكالة الكتابة: OSt
150 ## - مدخل-- مصطلح تاريخي
- عنصر مدخل المصطلح الموضوعي او الاسم الجغرافي: تاريخ حديث.
670 ## - بيانات المصدر موجوده
- الاستشهاد بالمصدر: Work cat.: (OSt)80506: الجاسر، حمد. 66968, دراسات وبحوث في تاريخ الملك عبد العزيز /, 2017
